000 00762nab a2200241 u 4500
001 09903
003 HDC
007 cr bn ---aaaaa
008 210203c20100227my dr|nes 0 a may d
040 _aHDC
245 0 _aAkta Halal dikuatkuasakan tahun depan
260 _aKuala Lumpur :
_bMedia Mulia Sdn. Bhd.,
_c2010
336 _atext
_2rdacontent
337 _acomputer
_2rdamedia
338 _aonline resource
_2rdacarrier
650 _aHalal industry
_9144
650 _aHalal law
_92132
710 _aUtusan Malaysia
856 _zRequest full-text at [email protected]
942 _2lcc
942 _cNEWS
942 _kNWSC 001037
999 _c7226
_d7226